000 00572nam a2200193Ia 4500
003 OSt
005 20260207112057.0
008 250729s2007 xx 000 0 und d
040 _cAL
041 _akan
082 _a372.25 SURP
100 _aಸುರೇಶ್ ಪಿ ಎಸ್
_9228591
245 _aಪ್ರೌಧಶಾಲಾ ಶಿಕ್ಷಣ ಮತ್ತು ಶಿಕ್ಷಕನ ಕಾರ್ಯಗಳು
260 _aಮೈಸೂರು
_c2007
300 _a477p
650 _aEducation
_9228592
700 _aಸುo Digumurthi
_9228593
942 _2ddc
_cBED
999 _c238048
_d238048